This Special Edition of the Illustrations from the Works of Andreas Vesalius of Brussels (Record no. 1744)

000 -LEADER
fixed length control field 00667nam a22002057a 4500
003 - CONTROL NUMBER IDENTIFIER
control field OSt
005 - DATE AND TIME OF LATEST TRANSACTION
control field 20210421074736.0
008 - FIXED-LENGTH DATA ELEMENTS--GENERAL INFORMATION
fixed length control field 210226s1993 ||||| |||| 00| 0 eng d
040 ## - CATALOGING SOURCE
Original cataloging agency eng
Language of cataloging eng
Transcribing agency DLC
041 ## - LANGUAGE CODE
Language code of text/sound track or separate title eng
080 ## - UNIVERSAL DECIMAL CLASSIFICATION NUMBER
Universal Decimal Classification number 61
Item number S-25
100 ## - MAIN ENTRY--PERSONAL NAME
9 (RLIN) 1137
Personal name Saunders, M. deC. B., J.
245 ## - TITLE STATEMENT
Title This Special Edition of the Illustrations from the Works of Andreas Vesalius of Brussels
Remainder of title / by: The Classics of Neurology and Neurosurgery Library
260 ## - PUBLICATION, DISTRIBUTION, ETC.
Place of publication, distribution, etc. New York
Name of publisher, distributor, etc. The Classics of Medicine Library
Date of publication, distribution, etc. 1993
300 ## - PHYSICAL DESCRIPTION
Extent 253 p.
Other physical details ill.
650 #0 - SUBJECT ADDED ENTRY--TOPICAL TERM
9 (RLIN) 69
Topical term or geographic name entry element Medicine
653 ## - INDEX TERM--UNCONTROLLED
Uncontrolled term მედიცინა
700 ## - ADDED ENTRY--PERSONAL NAME
9 (RLIN) 1138
Personal name O'Malley, D. Charles
942 ## - ADDED ENTRY ELEMENTS (KOHA)
Source of classification or shelving scheme
Koha item type Books
Holdings
Withdrawn status Lost status Source of classification or shelving scheme Damaged status Not for loan Permanent location Current location Date acquired Inventory number Total Checkouts Full call number Barcode Date last seen Price effective from Koha item type
          Ken Walker International University Ken Walker International University 02/26/2021 1477   61 S-25 1477 02/26/2021 02/26/2021 Books

Powered by Koha